Unlocking Small Business Ideas: An Australian Guide (Record no. 43532)

MARC details
000 -LEADER
fixed length control field 00481nam a22001697a 4500
005 - DATE AND TIME OF LATEST TRANSACTION
control field 20250403144806.0
008 - FIXED-LENGTH DATA ELEMENTS--GENERAL INFORMATION
fixed length control field 250403b |||||||| |||| 00| 0 eng d
020 ## - INTERNATIONAL STANDARD BOOK NUMBER
International Standard Book Number 9781032496436
041 ## - LANGUAGE CODE
Language code of text/sound track or separate title eng
082 ## - DEWEY DECIMAL CLASSIFICATION NUMBER
Classification number 658.4092 ENG
100 ## - MAIN ENTRY--PERSONAL NAME
Author English, John W.
245 ## - TITLE STATEMENT
Title Unlocking Small Business Ideas: An Australian Guide
260 ## - PUBLICATION, DISTRIBUTION, ETC.
Place London
Publisher Routledge
Publication Year 2023
300 ## - PHYSICAL DESCRIPTION
Extent 169;. pages: 23 cm
650 ## - SUBJECT ADDED ENTRY--TOPICAL TERM
Subject Leadership; Organizational Effectiveness-Management
942 ## - ADDED ENTRY ELEMENTS (KOHA)
Koha item type Books
Holdings
Withdrawn status Lost status Source of classification or shelving scheme Damaged status Not for loan Home library Current library Shelving location Accession Date Vendor Price Bill number Total Checkouts Full call number Barcode No Date last seen Discount Bill Date Koha item type Suggested By
    Dewey Decimal Classification     IMTN IMTN Rack 30-B 03/26/2025 Raghav Books Private Limited 3560.49 2374   658.4092 ENG 33812 04/03/2025 33 02/14/2025 Books Dr. Mantha Raghu (Head Librarian)
Designed & Maintained by: LRC IMT Nagpur Contact: lrc@imtnag.ac.in© 2024. All Rights Reserved.